[Event "SR 1. liga zapad 2013/2014"]
[Site "?"]
[Date "2014.03.02"]
[Round "49.8"]
[White "Puchart, Vladimir"]
[Black "Hlubovic, Michal"]
[Result "1-0"]
[WhiteElo "2051"]
[BlackElo "1782"]
[PlyCount "74"]
[EventDate "2013.??.??"]
[WhiteTeam "Lokomotiva Trnava"]
[BlackTeam "SK Modra"]

1. d4 d6 2. c4 Nf6 3. Nc3 Nbd7 4. e4 e5 5. Nf3 Be7 6. Be2 O-O 7. O-O c6 8. b3
Qc7 9. Ba3 Re8 10. Re1 a6 11. Rc1 Nf8 12. c5 Ng6 13. cxd6 Bxd6 14. Bxd6 Qxd6
15. dxe5 Qxd1 16. Rcxd1 Ng4 17. Na4 Be6 18. Nc5 Bc8 19. Nd7 b5 20. Rd6 Bxd7 21.
Rxd7 N4xe5 22. Nxe5 Rxe5 23. f3 Rae8 24. Rc1 R5e6 25. Bf1 Rc8 26. Kf2 Ne5 27.
Rd2 h6 28. h4 c5 29. g3 Rf6 30. f4 g5 31. hxg5 hxg5 32. Bh3 Rc7 33. Rd5 Re7 34.
Bf5 gxf4 35. gxf4 Ng6 36. Kg3 Re8 37. Rdxc5 Kg7 1-0

[Event "SR 1. liga zapad 2013/2014"]
[Site "?"]
[Date "2014.03.02"]
[Round "50.1"]
[White "Smolen, Jan"]
[Black "Pagerka, Martin"]
[Result "1-0"]
[WhiteElo "2384"]
[BlackElo "2224"]
[Annotator "rastík"]
[PlyCount "95"]
[EventDate "2013.??.??"]
[WhiteTeam "SK Strelec Devinska Nova Ves"]
[BlackTeam "SK Osuske"]

1. e4 c6 2. d3 d5 3. Nd2 Nd7 4. Ngf3 e5 5. d4 exd4 6. exd5 c5 7. Qe2+ Qe7 8.
Ne4 Ndf6 9. Nd6+ Kd8 10. Ne5 Qxd6 11. Nxf7+ Kc7 12. Nxd6 Bxd6 13. b4 Bg4 14. f3
Re8 15. Qxe8 Nxe8 16. bxc5 Bxc5 17. fxg4 Ngf6 18. Bf4+ Nd6 19. Bd3 Re8+ 20. Kf2
Nxd5 21. Bxd6+ Bxd6 22. Rhe1 Ne3 23. Kg1 Rf8 24. h3 Bg3 25. Re2 g6 26. Be4 b6
27. Bf3 Bf4 28. Kf2 Re8 29. Rae1 Kd6 30. Rd2 Kc5 31. Rd3 Be5 32. c3 Kc4 33. Be2
Kc5 34. Bf3 Kc4 35. Be2 Kc5 36. cxd4+ Bxd4 37. Rc1+ Nc4+ 38. Rxd4 Rxe2+ 39.
Kxe2 Kxd4 40. Rd1+ Kc3 41. Rd7 a5 42. Rxh7 g5 43. h4 gxh4 44. g5 Ne5 45. Rh6 b5
46. g6 Nxg6 47. Rxg6 b4 48. Re6 1-0

[Event "SR 1. liga zapad 2013/2014"]
[Site "?"]
[Date "2014.03.02"]
[Round "50.2"]
[White "Gasa, Andrej"]
[Black "Peitl, Tomas"]
[Result "1/2-1/2"]
[WhiteElo "2308"]
[BlackElo "2207"]
[Annotator "rastík"]
[PlyCount "83"]
[EventDate "2013.??.??"]
[WhiteTeam "SK Osuske"]
[BlackTeam "SK Strelec Devinska Nova Ves"]

1. c4 e5 2. Nc3 Nc6 3. Nf3 g6 4. d4 exd4 5. Nd5 Bg7 6. Bg5 f6 7. Bf4 d6 8. Nxd4
Nge7 9. Nb5 Nxd5 10. Qxd5 a6 11. Nc3 Qe7 12. Qd2 O-O 13. O-O-O Be6 14. e4 Qf7
15. Nd5 Ne5 16. Be3 b5 17. c5 f5 18. exf5 Bxf5 19. Qa5 Be4 20. Nc3 Nc6 21. Qa3
b4 22. Qa4 bxc3 23. Qxe4 cxb2+ 24. Kb1 Qf5 25. Bc4+ Kh8 26. Bd5 Na7 27. Qxf5
gxf5 28. Bxa8 Nb5 29. Rd3 Rxa8 30. Kc2 d5 31. a4 d4 32. axb5 dxe3 33. fxe3 axb5
34. Rb1 Kg8 35. Rd7 Ra3 36. Rxc7 Rxe3 37. Rxg7+ Kxg7 38. Rxb2 Kf6 39. Kd2 Ra3
40. Ke2 Ra5 41. Rc2 Ke6 42. c6 1/2-1/2

[Event "SR 1. liga zapad 2013/2014"]
[Site "?"]
[Date "2014.03.02"]
[Round "50.3"]
[White "Sosovicka, Juraj"]
[Black "Jozefek, Michal"]
[Result "1-0"]
[WhiteElo "2188"]
[BlackElo "2168"]
[Annotator "rastík"]
[PlyCount "75"]
[EventDate "2013.??.??"]
[WhiteTeam "SK Strelec Devinska Nova Ves"]
[BlackTeam "SK Osuske"]

1. e4 c5 2. Nf3 d6 3. d4 cxd4 4. Nxd4 Nf6 5. Nc3 Nc6 6. Bg5 e6 7. Qd2 a6 8.
O-O-O Bd7 9. f4 Be7 10. Nf3 Qc7 11. e5 dxe5 12. fxe5 Ng4 13. Bxe7 Nxe7 14. Ne4
Nf5 15. h3 Ngh6 16. Qg5 Bc6 17. Nd6+ Kf8 18. Nxf5 Nxf5 19. Bd3 h6 20. Qd2 Bxf3
21. gxf3 g6 22. Bxf5 exf5 23. Rhe1 Kg7 24. Qd6 Qxd6 25. exd6 Rhe8 26. Rxe8 Rxe8
27. c4 Kf6 28. c5 Rd8 29. b4 g5 30. a4 a5 31. b5 Ke6 32. Kc2 Kd7 33. Re1 Rc8
34. Re7+ Kd8 35. Re5 Kd7 36. Re7+ Kd8 37. Re5 Kd7 38. Kd3 1-0

[Event "SR 1. liga zapad 2013/2014"]
[Site "?"]
[Date "2014.03.02"]
[Round "50.4"]
[White "Cajka, Tibor"]
[Black "Kolesar, Milan"]
[Result "0-1"]
[WhiteElo "2162"]
[BlackElo "2161"]
[Annotator "rastík"]
[PlyCount "54"]
[EventDate "2013.??.??"]
[WhiteTeam "SK Osuske"]
[BlackTeam "SK Strelec Devinska Nova Ves"]

1. e4 c5 2. Nf3 d6 3. d4 cxd4 4. Nxd4 Nf6 5. Nc3 Nc6 6. Be2 g6 7. Be3 Bg7 8.
Qd2 O-O 9. O-O-O Ng4 10. Bxg4 Bxg4 11. f3 Bd7 12. h4 Ne5 13. Qe2 Rc8 14. h5 Nc4
15. hxg6 Qb6 16. gxh7+ Kh8 17. b3 Nxe3 18. Qxe3 e5 19. Nd5 Qc5 20. Nc6 Qa3+ 21.
Kb1 Rxc6 22. c4 Be6 23. Ne7 Rxc4 24. Qg5 Rc3 25. Rd5 Bxd5 26. exd5 e4 27. fxe4
Rxb3+ 0-1

[Event "SR 1. liga zapad 2013/2014"]
[Site "?"]
[Date "2014.03.02"]
[Round "50.5"]
[White "Sosovicka, Matej"]
[Black "Bury, Rastislav"]
[Result "1/2-1/2"]
[WhiteElo "2098"]
[BlackElo "2120"]
[Annotator "rastík"]
[PlyCount "68"]
[EventDate "2013.??.??"]
[WhiteTeam "SK Strelec Devinska Nova Ves"]
[BlackTeam "SK Osuske"]

1. e4 c5 2. Nf3 d6 3. d4 cxd4 4. Nxd4 Nf6 5. Nc3 a6 6. Bg5 e6 7. f4 h6 8. Bh4
Be7 9. Qf3 Nbd7 10. O-O-O Qc7 11. Bd3 g5 12. fxg5 Ne5 13. Qe2 Nfg4 14. Nf3 Nxf3
15. Qxf3 hxg5 16. Bg3 Ne5 17. Bxe5 dxe5 18. Rhf1 f6 19. h4 gxh4 20. Qg4 Kf7 21.
Rh1 Bd7 22. Rxh4 Rag8 23. Qh3 Rxh4 24. Qxh4 Ke8 25. Qh7 Rf8 26. Be2 Qc5 27. Bg4
Qc6 28. Qg7 b5 29. a3 b4 30. axb4 Bxb4 31. Rd3 Be7 32. Qh7 Bb4 33. Qg7 Be7 34.
Qh7 Bb4 1/2-1/2

[Event "SR 1. liga zapad 2013/2014"]
[Site "?"]
[Date "2014.03.02"]
[Round "50.6"]
[White "Kimerling, Martin"]
[Black "Oprea, Erik"]
[Result "1-0"]
[WhiteElo "2109"]
[BlackElo "2130"]
[Annotator "rastík"]
[PlyCount "83"]
[EventDate "2013.??.??"]
[WhiteTeam "SK Osuske"]
[BlackTeam "SK Strelec Devinska Nova Ves"]

1. d4 d6 2. Nf3 c6 3. c4 Nd7 4. g3 e5 5. Nc3 Ngf6 6. Bg2 Be7 7. e4 Qc7 8. O-O
O-O 9. h3 Re8 10. Be3 Bf8 11. Qc2 b6 12. Rfd1 Bb7 13. b4 Ba6 14. c5 exd4 15.
cxd6 Bxd6 16. Nxd4 Bxb4 17. Ncb5 Bxb5 18. Nxb5 Qe5 19. Nd4 Rac8 20. Nxc6 Qe6
21. Qa4 Bc5 22. Nd4 Bxd4 23. Bxd4 Nc5 24. Bxc5 Rxc5 25. Qxa7 h5 26. a4 h4 27.
Rdb1 hxg3 28. fxg3 Nxe4 29. Rxb6 Qe5 30. Rf1 Nxg3 31. Qxf7+ Kh8 32. Rfb1 Ne2+
33. Kh1 Ng3+ 34. Kg1 Rc2 35. R6b4 Ne2+ 36. Kh1 Ng3+ 37. Kg1 Nf5 38. Qh5+ Kg8
39. Bd5+ Qxd5 40. Qxe8+ Kh7 41. Qh5+ Kg8 42. Rb8+ 1-0

[Event "SR 1. liga zapad 2013/2014"]
[Site "?"]
[Date "2014.03.02"]
[Round "50.7"]
[White "Hricak, Vasil"]
[Black "Polasek, Filip"]
[Result "0-1"]
[WhiteElo "2118"]
[BlackElo "2085"]
[Annotator "rastík"]
[PlyCount "56"]
[EventDate "2013.??.??"]
[WhiteTeam "SK Strelec Devinska Nova Ves"]
[BlackTeam "SK Osuske"]

1. e4 e5 2. Nf3 Nc6 3. d4 exd4 4. Bc4 Be7 5. Nxd4 Nf6 6. Nc3 d6 7. h3 O-O 8.
O-O Bd7 9. Be3 a6 10. a4 Ne5 11. Be2 c5 12. Nb3 Bc6 13. f4 Ng6 14. Nd2 d5 15.
exd5 Nxd5 16. Nxd5 Bxd5 17. Bf3 b5 18. Bxd5 Qxd5 19. Qf3 Rad8 20. Qxd5 Rxd5 21.
axb5 axb5 22. Ra5 b4 23. Nc4 Re8 24. Rfa1 h6 25. Rb5 Bf6 26. Rxc5 Rxc5 27. Bxc5
Rc8 28. Ra5 Rxc5 0-1

[Event "SR 1. liga zapad 2013/2014"]
[Site "?"]
[Date "2014.03.02"]
[Round "51.1"]
[White "Motuz, Karol"]
[Black "Gorusa, Miroslav"]
[Result "1/2-1/2"]
[WhiteElo "2305"]
[BlackElo "2146"]
[PlyCount "80"]
[EventDate "2013.??.??"]
[WhiteTeam "SKS Povazska Bystrica"]
[BlackTeam "NSK Nitra"]

1. d4 d5 2. c4 c6 3. Nf3 Nf6 4. Nc3 e6 5. Bg5 h6 6. Bxf6 Qxf6 7. e3 Nd7 8. Bd3
dxc4 9. Bxc4 g5 10. O-O Bg7 11. a3 O-O 12. Ba2 Rd8 13. Qc2 e5 14. d5 Nb6 15.
dxc6 Qxc6 16. e4 Be6 17. Bxe6 Qxe6 18. Rfd1 Bf8 19. a4 a5 20. Qe2 Bb4 21. Qb5
f6 22. Ne2 Qc6 23. Qxc6 bxc6 24. Rdc1 c5 25. h3 h5 26. Ng3 h4 27. Nf5 Kf7 28.
Ne3 Rd3 29. Kf1 Rad8 30. Ke2 Rb3 31. Rc2 Ke6 32. Ra2 Rc8 33. Nc4 Nxc4 34. Rxc4
Rd8 35. Rc2 Rbd3 36. Ra1 R8d7 37. Rb1 Rd8 38. Rcc1 Rb3 39. Rc2 Rbd3 40. Rcc1
Rb3 1/2-1/2

[Event "SR 1. liga zapad 2013/2014"]
[Site "?"]
[Date "2014.03.02"]
[Round "51.3"]
[White "Obona, Jan"]
[Black "Pales, Dusan"]
[Result "1-0"]
[WhiteElo "2140"]
[BlackElo "2014"]
[PlyCount "105"]
[EventDate "2013.??.??"]
[WhiteTeam "SKS Povazska Bystrica"]
[BlackTeam "NSK Nitra"]

1. Nf3 c5 2. g3 d5 3. Bg2 Nf6 4. O-O e6 5. d4 cxd4 6. Nxd4 Nc6 7. c4 Bc5 8. Nb3
Be7 9. cxd5 exd5 10. Nc3 Be6 11. Nd4 O-O 12. Bf4 Qb6 13. Nxe6 fxe6 14. Bh3 Kf7
15. Na4 Qa5 16. Bd2 Bb4 17. Bxb4 Qxb4 18. a3 Qd6 19. Rc1 b6 20. Nc3 Rfd8 21.
Qa4 a6 22. Ne4 Nxe4 23. Rxc6 Nc5 24. Rxd6 Nxa4 25. Rxe6 Nxb2 26. Rxb6 Nc4 27.
Rb7+ Kf6 28. Rb3 a5 29. Rf3+ Ke7 30. Rd1 Rab8 31. Rc3 Rb2 32. e4 Rd2 33. Re1
Kd6 34. exd5 Ne5 35. Be6 Rb8 36. Bf5 Rbb2 37. Rf1 g6 38. Be4 Ng4 39. Rf3 Ke5
40. Rf4 Nf6 41. Bg2 Nxd5 42. Rf8 Nf6 43. Re1+ Kf5 44. Bh3+ Kg5 45. Re5+ Kh6 46.
Rxf6 Kg7 47. Rf3 Rb1+ 48. Kg2 Rdd1 49. Bg4 Rd4 50. Re7+ Kh6 51. Rff7 Rxg4 52.
Rxh7+ Kg5 53. h4+ 1-0

[Event "SR 1. liga zapad 2013/2014"]
[Site "?"]
[Date "2014.03.02"]
[Round "51.4"]
[White "Dlhy, Jozef"]
[Black "Mikusik, Marian"]
[Result "1-0"]
[WhiteElo "2057"]
[BlackElo "2119"]
[PlyCount "69"]
[EventDate "2013.??.??"]
[WhiteTeam "NSK Nitra"]
[BlackTeam "SKS Povazska Bystrica"]

1. d4 d6 2. e4 Nd7 3. f4 c5 4. c3 g6 5. Nf3 Bg7 6. Bc4 e6 7. O-O Ne7 8. Qe2 O-O
9. Bb3 Qc7 10. Nbd2 a6 11. a4 Rb8 12. Kh1 b5 13. axb5 axb5 14. e5 cxd4 15. cxd4
Nf5 16. Ne4 Bb7 17. g4 Nxd4 18. Nxd4 Nc5 19. Bc2 dxe5 20. Nf3 f5 21. Nxc5 Qxc5
22. gxf5 exf5 23. fxe5 Bxe5 24. Bh6 Rfe8 25. Bb3+ Kh8 26. Rae1 Be4 27. Qf2 Bd4
28. Qg3 Be5 29. Bf4 Rbd8 30. Rxe4 Bxf4 31. Rxe8+ Rxe8 32. Qxf4 Re3 33. Qd4+
Qxd4 34. Nxd4 Rd3 35. Rd1 1-0

[Event "SR 1. liga zapad 2013/2014"]
[Site "?"]
[Date "2014.03.02"]
[Round "51.5"]
[White "Skrabakova, Katarina"]
[Black "Pindes, Robert"]
[Result "1-0"]
[WhiteElo "1969"]
[BlackElo "2031"]
[PlyCount "76"]
[EventDate "2013.??.??"]
[WhiteTeam "SKS Povazska Bystrica"]
[BlackTeam "NSK Nitra"]

1. e4 c5 2. Nc3 Nc6 3. f4 e6 4. Nf3 d6 5. Bb5 a6 6. Bxc6+ bxc6 7. d3 Nf6 8. e5
Nd5 9. Ne4 Be7 10. O-O O-O 11. a3 a5 12. Qe1 f5 13. exd6 Bxd6 14. Nxd6 Qxd6 15.
Qe5 Rd8 16. Bd2 Qxe5 17. Nxe5 Bd7 18. Rae1 Be8 19. Nc4 Bf7 20. Nxa5 Rdb8 21. b3
Rb6 22. Nc4 Rba6 23. Be3 Nxe3 24. Rxe3 Rd8 25. Re5 Rd5 26. a4 Kf8 27. Rfe1 Rxe5
28. Rxe5 Ke7 29. Rxc5 Bh5 30. Kf2 h6 31. Ke3 g5 32. g3 Bd1 33. Kd2 Bf3 34. Ra5
Rxa5 35. Nxa5 c5 36. Nc4 gxf4 37. gxf4 Kd8 38. c3 Ke7 1-0

[Event "SR 1. liga zapad 2013/2014"]
[Site "?"]
[Date "2014.03.02"]
[Round "51.6"]
[White "Pereszlenyi, Gejza"]
[Black "Kvassay, Peter"]
[Result "1/2-1/2"]
[WhiteElo "2000"]
[BlackElo "2042"]
[PlyCount "21"]
[EventDate "2013.??.??"]
[WhiteTeam "NSK Nitra"]
[BlackTeam "SKS Povazska Bystrica"]

1. d4 Nf6 2. Nf3 e6 3. Bf4 c5 4. e3 Qb6 5. Nc3 cxd4 6. exd4 Qxb2 7. Nb5 Nd5 8.
Bd2 a6 9. Rb1 Qxa2 10. Ra1 Qb2 11. Rb1 1/2-1/2

[Event "SR 1. liga zapad 2013/2014"]
[Site "?"]
[Date "2014.03.02"]
[Round "51.7"]
[White "Capak, Stefan"]
[Black "Danko, Dusan"]
[Result "1-0"]
[WhiteElo "2040"]
[BlackElo "1875"]
[PlyCount "81"]
[EventDate "2013.??.??"]
[WhiteTeam "SKS Povazska Bystrica"]
[BlackTeam "NSK Nitra"]

1. d4 Nf6 2. Nf3 d6 3. g3 h6 4. Bg2 c6 5. c4 Na6 6. Nc3 Bf5 7. O-O g5 8. Re1
Bg7 9. e4 Bg4 10. a3 O-O 11. Be3 Re8 12. b4 Nd7 13. Rc1 Nc7 14. Qd2 Nb6 15. Qa2
Be6 16. d5 Bg4 17. Nd4 e5 18. Nf5 Bxf5 19. exf5 cxd5 20. Bxb6 axb6 21. cxd5 Qd7
22. Be4 f6 23. Bd3 Red8 24. a4 Ra7 25. Qc2 Rc8 26. Nb5 e4 27. Rxe4 Raa8 28.
Nxc7 Ra7 29. Bb5 Qf7 30. Rc4 h5 31. Qe4 Kh7 32. Be8 Qf8 33. Qe2 g4 34. Qe6 Raa8
35. Nxa8 Rxe8 36. Rc8 Rxe6 37. Rxf8 Re5 38. Rf7 Rxf5 39. Rcc7 Rg5 40. Nxb6 Kg8
41. Rxb7 1-0

[Event "SR 1. liga zapad 2013/2014"]
[Site "?"]
[Date "2014.03.02"]
[Round "52.1"]
[White "Vojtek, Vladimir"]
[Black "Gazik, Igor"]
[Result "1-0"]
[WhiteElo "2281"]
[BlackElo "2321"]
[PlyCount "63"]
[EventDate "2013.??.??"]
[WhiteTeam "SKS Dubnica n/Vahom B"]
[BlackTeam "SK Prievidza"]

1. e4 c5 2. f4 d5 3. exd5 Qxd5 4. Nc3 Qd8 5. Nf3 Nc6 6. Bb5 Bd7 7. Qe2 Nf6 8.
Bxc6 Bxc6 9. Ne5 Rc8 10. Nb5 Be4 11. Nxa7 Ra8 12. Nb5 Bxc2 13. Qc4 Bg6 14. f5
Bh5 15. O-O Nd7 16. Nxd7 Qxd7 17. d4 g5 18. Bxg5 Rg8 19. Bf4 Rc8 20. Rae1 Kd8
21. dxc5 Bg7 22. Rf2 Ke8 23. Nd6+ Kf8 24. Nxc8 Qxc8 25. Rxe7 Bf6 26. Rc7 Qe8
27. Bh6+ Bg7 28. Bxg7+ Rxg7 29. f6 Rg4 30. Qd5 Qe1+ 31. Rf1 Qe3+ 32. Kh1 1-0

[Event "SR 1. liga zapad 2013/2014"]
[Site "?"]
[Date "2014.03.02"]
[Round "52.2"]
[White "Dobrotka, Martin"]
[Black "Bombek, Peter"]
[Result "0-1"]
[WhiteElo "2218"]
[BlackElo "2219"]
[PlyCount "80"]
[EventDate "2013.??.??"]
[WhiteTeam "SK Prievidza"]
[BlackTeam "SKS Dubnica n/Vahom B"]

1. Nf3 d5 2. d4 Nf6 3. c4 e6 4. Nc3 Be7 5. Bg5 O-O 6. e3 h6 7. Bh4 b6 8. cxd5
Nxd5 9. Bxe7 Qxe7 10. Nxd5 exd5 11. Bd3 c5 12. dxc5 bxc5 13. O-O Be6 14. Rc1
Nd7 15. Qc2 Rab8 16. Qc3 c4 17. Bc2 Qb4 18. Qxb4 Rxb4 19. b3 a5 20. Nd4 Rc8 21.
a3 Rbb8 22. h3 Nc5 23. bxc4 dxc4 24. Bf5 Nb3 25. Nxe6 Nxc1 26. Nd4 Nb3 27. Bxc8
Rxc8 28. a4 Nxd4 29. exd4 Kf8 30. Re1 c3 31. Kf1 c2 32. Rc1 Ke7 33. Ke2 Kd6 34.
Kd3 Kd5 35. Rxc2 Rxc2 36. Kxc2 Kxd4 37. Kb3 Kd3 38. f4 f5 39. g4 g6 40. gxf5
gxf5 0-1

[Event "SR 1. liga zapad 2013/2014"]
[Site "?"]
[Date "2014.03.02"]
[Round "52.3"]
[White "Veres, Andrej"]
[Black "Gazik, Viktor"]
[Result "1-0"]
[WhiteElo "2161"]
[BlackElo "2166"]
[PlyCount "69"]
[EventDate "2013.??.??"]
[WhiteTeam "SKS Dubnica n/Vahom B"]
[BlackTeam "SK Prievidza"]

1. d4 Nf6 2. Nf3 g6 3. c4 Bg7 4. Nc3 d5 5. Bg5 Ne4 6. cxd5 Nxg5 7. Nxg5 e6 8.
Qd2 h6 9. Nh3 exd5 10. Qe3+ Kf8 11. Nf4 Nc6 12. O-O-O Ne7 13. Qf3 c6 14. e3 Kg8
15. g4 b5 16. Bd3 Qa5 17. Kb1 b4 18. Nce2 Ba6 19. Bxa6 Qxa6 20. h4 Rf8 21. Ng3
Qc8 22. Rc1 Kh7 23. h5 Bf6 24. Nd3 Kg7 25. Nxb4 Qb7 26. Nd3 Rb8 27. Rc2 Nc8 28.
Rhc1 Qb5 29. Nc5 Nb6 30. hxg6 fxg6 31. Ne6+ Kf7 32. Nc7 Qb4 33. Rxc6 Nd7 34.
Qxd5+ Ke7 35. b3 1-0

[Event "SR 1. liga zapad 2013/2014"]
[Site "?"]
[Date "2014.03.02"]
[Round "52.4"]
[White "Kaniansky, Miroslav"]
[Black "Podoba, Milan"]
[Result "1/2-1/2"]
[WhiteElo "2203"]
[BlackElo "2132"]
[PlyCount "61"]
[EventDate "2013.??.??"]
[WhiteTeam "SK Prievidza"]
[BlackTeam "SKS Dubnica n/Vahom B"]

1. d4 d5 2. Nf3 Nf6 3. c4 c6 4. Nc3 e6 5. e3 Nbd7 6. Bd3 dxc4 7. Bxc4 b5 8. Bd3
Bb7 9. a3 a6 10. b4 Bd6 11. O-O O-O 12. Bd2 e5 13. Qc2 exd4 14. exd4 h6 15. Ne4
Nxe4 16. Bxe4 Nf6 17. Bf5 Bc8 18. Rac1 a5 19. bxa5 Bxa3 20. Ra1 b4 21. Bxc8
Qxc8 22. Ne5 Ra6 23. Nc4 Rd8 24. Nxa3 bxa3 25. Qa4 Ne4 26. Be3 Nc3 27. Qxa3
Ne2+ 28. Kh1 Nxd4 29. Bxd4 Rxd4 30. Qc3 Rd5 31. Rfc1 1/2-1/2

[Event "SR 1. liga zapad 2013/2014"]
[Site "?"]
[Date "2014.03.02"]
[Round "52.5"]
[White "Sukuba, Zdeno"]
[Black "Lakatos, Vladimir"]
[Result "1-0"]
[WhiteElo "2108"]
[BlackElo "2158"]
[PlyCount "91"]
[EventDate "2013.??.??"]
[WhiteTeam "SKS Dubnica n/Vahom B"]
[BlackTeam "SK Prievidza"]

1. Nf3 c5 2. c4 e6 3. g3 Nf6 4. Bg2 Nc6 5. O-O Be7 6. b3 O-O 7. Bb2 Qc7 8. d4
cxd4 9. Nxd4 a6 10. Nc3 Rb8 11. e3 Rd8 12. Rc1 b6 13. Nd5 exd5 14. cxd5 b5 15.
dxc6 d5 16. Qc2 Rb6 17. Ne2 Ne8 18. Rfd1 Be6 19. Nf4 Bf6 20. Bxd5 Bxb2 21. Qxb2
Bg4 22. f3 Bc8 23. Qd4 Rd6 24. Qe5 Kf8 25. Qc3 Qd8 26. Qc5 Kg8 27. Bxf7+ Kxf7
28. Rxd6 Qxd6 29. Qxb6 Qd2 30. Qc5 Nc7 31. Rc2 Qd1+ 32. Kg2 g5 33. Ne2 g4 34.
Nd4 Ne6 35. Nxe6 Qxf3+ 36. Kg1 Qd1+ 37. Kf2 Bxe6 38. Qh5+ Kg7 39. Qg5+ Kf7 40.
Qf4+ Ke7 41. Qe4 Kf7 42. c7 Bc8 43. Kg2 Bb7 44. Rf2+ Qf3+ 45. Rxf3+ gxf3+ 46.
Qxf3+ 1-0

[Event "SR 1. liga zapad 2013/2014"]
[Site "?"]
[Date "2014.03.02"]
[Round "52.6"]
[White "Pinter, Patrik"]
[Black "Orgon, Dusan"]
[Result "1-0"]
[WhiteElo "2162"]
[BlackElo "2089"]
[PlyCount "97"]
[EventDate "2013.??.??"]
[WhiteTeam "SK Prievidza"]
[BlackTeam "SKS Dubnica n/Vahom B"]

1. e4 e6 2. d4 d5 3. Nc3 Nf6 4. e5 Nfd7 5. f4 c5 6. Nce2 Nc6 7. Nf3 a6 8. g3 b5
9. Bh3 Qb6 10. c3 a5 11. O-O g6 12. Rf2 b4 13. Ng5 Ne7 14. dxc5 Nxc5 15. Be3 h6
16. Nf3 Nf5 17. Bxf5 gxf5 18. Rc1 Qb7 19. c4 Ne4 20. Rg2 dxc4 21. Rxc4 Nc3 22.
Nxc3 bxc3 23. Rxc3 Bb4 24. Rd3 Bd7 25. Nd4 Rc8 26. a3 Bc5 27. Rgd2 Qa7 28. Nc2
O-O 29. Rxd7 Bxe3+ 30. Nxe3 Qxe3+ 31. Kg2 Qe4+ 32. Kh3 Kg7 33. R7d4 Qc6 34. b4
axb4 35. axb4 Qb5 36. Qe2 Qb7 37. b5 Rc1 38. Rb2 Rfc8 39. Rd6 R8c3 40. b6 Rg1
41. Rd3 Rcc1 42. Qf3 Qb8 43. b7 Rb1 44. Rdb3 Rxb2 45. Rxb2 Rc1 46. Qa3 Rd1 47.
Qe7 Kg8 48. Rc2 Rd8 49. Qxd8+ 1-0

[Event "SR 1. liga zapad 2013/2014"]
[Site "?"]
[Date "2014.03.02"]
[Round "52.7"]
[White "Pupak, Tomas"]
[Black "Hanko, Pavol"]
[Result "0-1"]
[WhiteElo "2016"]
[BlackElo "2141"]
[PlyCount "58"]
[EventDate "2013.??.??"]
[WhiteTeam "SKS Dubnica n/Vahom B"]
[BlackTeam "SK Prievidza"]

1. Nf3 Nf6 2. c4 g6 3. g3 Bg7 4. Bg2 O-O 5. O-O d6 6. Nc3 Nc6 7. d3 e5 8. Rb1
Nh5 9. b4 f5 10. Nd5 f4 11. b5 Ne7 12. Ng5 h6 13. Nxe7+ Qxe7 14. Ne4 g5 15. Bd2
Nf6 16. Bb4 Nxe4 17. Bxe4 Bh3 18. Bg2 Bxg2 19. Kxg2 e4 20. Qc2 f3+ 21. exf3
exf3+ 22. Kh1 Qe6 23. c5 Qh3 24. Rg1 Rae8 25. cxd6 Re2 26. Qc4+ Kh8 27. Rbf1 g4
28. dxc7 Re5 29. Bxf8 Qxh2+ 0-1

[Event "SR 1. liga zapad 2013/2014"]
[Site "?"]
[Date "2014.03.02"]
[Round "52.8"]
[White "Gazikova, Veronika"]
[Black "Prasek, Ivan"]
[Result "1-0"]
[WhiteElo "2093"]
[BlackElo "1950"]
[PlyCount "123"]
[EventDate "2013.??.??"]
[WhiteTeam "SK Prievidza"]
[BlackTeam "SKS Dubnica n/Vahom B"]

1. e4 e5 2. Nf3 Nc6 3. Bc4 Nf6 4. d3 h6 5. O-O g6 6. Re1 Bg7 7. Bb5 d6 8. d4
Nd7 9. c3 O-O 10. Na3 Ne7 11. Ba4 a6 12. Bb3 Kh7 13. Nc4 b5 14. Ne3 Bb7 15. Bc2
c5 16. a4 Qc7 17. h4 Rac8 18. d5 c4 19. h5 g5 20. Ng4 f6 21. g3 Nc5 22. Be3 Ra8
23. Bxc5 Qxc5 24. Qd2 Bc8 25. Ne3 Bd7 26. Nh2 Rfb8 27. Bd1 Ra7 28. Bg4 Qc7 29.
axb5 axb5 30. Rxa7 Qxa7 31. Bxd7 Qxd7 32. Ra1 Qb7 33. Qd1 Ra8 34. Rxa8 Qxa8 35.
b3 cxb3 36. Qxb3 Qa6 37. Nhf1 Bf8 38. Nd2 Nc8 39. Nb1 Be7 40. Nc2 Na7 41. Nb4
Qb6 42. Nc6 Bd8 43. Nxa7 Qxa7 44. Qxb5 Bb6 45. Qb2 Qa5 46. Qa3 Qb5 47. Qb4 Qa6
48. c4 Bc5 49. Qc3 Qa4 50. Qc1 Qa1 51. Qc2 Qd4 52. Kg2 Kg7 53. Qe2 Bb4 54. Qg4
Be1 55. Qd7+ Kg8 56. Qe8+ Kh7 57. Qg6+ Kh8 58. Qxh6+ Kg8 59. Qg6+ Kh8 60. Qxf6+
Kh7 61. Qf5+ Kh8 62. h6 1-0

[Event "SR 1. liga zapad 2013/2014"]
[Site "?"]
[Date "2014.03.02"]
[Round "53.1"]
[White "Zatko, Gregor"]
[Black "Schwarz, Dusan"]
[Result "0-1"]
[WhiteElo "2188"]
[BlackElo "2390"]
[PlyCount "74"]
[EventDate "2013.??.??"]
[WhiteTeam "SK Levice"]
[BlackTeam "SK Doprastav Bratislava B"]

1. d4 d5 2. Bf4 Nf6 3. e3 c5 4. c3 Nc6 5. Nd2 Qb6 6. Qb3 c4 7. Qc2 Bg4 8. e4 e6
9. e5 Bf5 10. Qc1 Ne4 11. Ne2 Nxd2 12. Qxd2 Be7 13. Ng3 Bg6 14. Be2 Nb4 15. O-O
Nd3 16. b4 a5 17. a3 O-O 18. Be3 Ra7 19. Ra2 Rfa8 20. Rfa1 Qa6 21. Bg5 Bf8 22.
h4 h6 23. Bf4 axb4 24. axb4 Qxa2 25. Rxa2 Rxa2 26. Qe3 R8a3 27. h5 Bh7 28. Bf3
Nxb4 29. Ne2 Ra1+ 30. Kh2 Nc2 31. Qd2 Ne1 32. Bg4 Nd3 33. Qe3 Re1 34. Bf3 Ra2
35. Bg3 Be4 36. Bg4 Bf5 37. Bf3 Be7 0-1

[Event "SR 1. liga zapad 2013/2014"]
[Site "?"]
[Date "2014.03.02"]
[Round "53.2"]
[White "Todor, Razvan"]
[Black "Kalisky, Vladimir"]
[Result "0-1"]
[WhiteElo "2161"]
[BlackElo "2186"]
[PlyCount "140"]
[EventDate "2013.??.??"]
[WhiteTeam "SK Doprastav Bratislava B"]
[BlackTeam "SK Levice"]

1. e4 e5 2. Bc4 Nf6 3. d3 Bc5 4. Nf3 d6 5. c3 a6 6. Bb3 Nc6 7. O-O O-O 8. h3
Ba7 9. Re1 Ne7 10. d4 Ng6 11. Nbd2 h6 12. Nf1 Bd7 13. Ng3 Re8 14. Be3 Be6 15.
dxe5 dxe5 16. Bxa7 Rxa7 17. Qe2 Qe7 18. Qe3 Raa8 19. Nh2 Rad8 20. Rad1 Rxd1 21.
Rxd1 Rd8 22. Nf5 Rxd1+ 23. Bxd1 Qd8 24. Bc2 b6 25. Nf1 a5 26. Qd2 Qxd2 27. Nxd2
Kf8 28. f3 Ne7 29. Ne3 Nh5 30. Kf2 Nf4 31. a4 Bd7 32. Ndc4 f6 33. b4 axb4 34.
cxb4 Nc6 35. b5 Nd4 36. Bb1 Ke7 37. Nc2 Nxc2 38. Bxc2 Bc8 39. h4 Be6 40. Ne3
Kd6 41. g3 Ng6 42. Nf5+ Bxf5 43. exf5 Ne7 44. Ke3 Kc5 45. f4 Nd5+ 46. Ke4 exf4
47. g4 Ne3 48. Bb1 Nxg4 49. Kxf4 Ne5 50. Ke4 Nf7 51. Bc2 Nd6+ 52. Kf4 Kd4 53.
Bd1 Ne4 54. Bc2 Nc5 55. Kg4 Nd7 56. Kf4 Kc3 57. Bd1 Ne5 58. Ke4 Kc4 59. Be2+
Kc5 60. Bd1 g5 61. fxg6 Nxg6 62. h5 Ne7 63. Kf4 Kd5 64. Bb3+ Kd4 65. Bd1 Nd5+
66. Kg3 Ke5 67. Bb3 f5 68. Kf3 Nf6 69. Kf2 Ne4+ 70. Kg2 Nc3 0-1

[Event "SR 1. liga zapad 2013/2014"]
[Site "?"]
[Date "2014.03.02"]
[Round "53.3"]
[White "Hudoba, Ondrej"]
[Black "Bednar, Jan"]
[Result "1/2-1/2"]
[WhiteElo "2155"]
[BlackElo "2185"]
[PlyCount "126"]
[EventDate "2013.??.??"]
[WhiteTeam "SK Levice"]
[BlackTeam "SK Doprastav Bratislava B"]

1. e4 e6 2. d4 d5 3. e5 c5 4. c3 Qb6 5. Nf3 Bd7 6. a3 Bb5 7. c4 dxc4 8. Nc3
cxd4 9. Nxb5 Qxb5 10. Qxd4 Nc6 11. Qxc4 Qxc4 12. Bxc4 Bc5 13. Bf4 Nge7 14. Rc1
O-O 15. O-O Bb6 16. Rfd1 Rfd8 17. Bb5 h6 18. h4 Ng6 19. Bg3 Nd4 20. Bd3 Ne7 21.
Kf1 Nb3 22. Rb1 Rac8 23. h5 Kf8 24. Be4 Nc5 25. Bc2 Na6 26. Rdc1 Rc7 27. Bf4
Rdc8 28. Bd1 Nc5 29. Be3 Nd3 30. Rxc7 Bxc7 31. Ke2 Nxe5 32. Nxe5 Bxe5 33. Bxa7
Nd5 34. Be3 Nxe3 35. Kxe3 g6 36. hxg6 fxg6 37. Kd3 Kf7 38. Bb3 Kf6 39. g3 Rd8+
40. Ke2 g5 41. Bc2 g4 42. b3 Bc3 43. Bd3 Bd4 44. Rc1 Rf8 45. Be4 Rf7 46. Rc8
Ke5 47. f3 gxf3+ 48. Bxf3 b6 49. Rh8 Rc7 50. Rxh6 Rc3 51. Bg4 Re3+ 52. Kd2 Rxg3
53. Rxe6+ Kd5 54. Rg6 Rg2+ 55. Ke1 Rg1+ 56. Ke2 Rg2+ 57. Kf3 Rf2+ 58. Kg3 Ra2
59. Bf3+ Ke5 60. a4 Bc5 61. Rg5+ Kd4 62. Rd5+ Kc3 63. Rd7 Rd2 1/2-1/2